1334 1667 1079 1411 1025 1121 1660 1617 1201 1205 1559 1048 1853 1723 1978 1182 1949 1208 1117 1754 1247 1853 1257 1369 1548 1106 1100 1868 1173 1236 1630 1462 1267 1607 1290 1528 1237 1444 1851 1954 1387 1505 1214 1439 1963 1538 1094 1171 1671 1747 1140 1498 1655 1873 1755 1904 1887 1629 1781 1488 1745 1336 1026 1201 1286 1657 1221 1804 1097 1381 1503 1995 1695 1489 1693 1219 1003 1277 1062 1726 1425 1776 1539 1523 1256 1488 1190 1148 1107 1360 1615 1237 1134 1648 1993 1547 1757 1065 1902 BCNSPRNW ULIB Ver.6.0+V

เปลี่ยนเป็นภาษาไทย

Change to English
 แสดงรายละเอียดบรรณานุกรม
  กลับหน้าหลัก

Brief Record : Get Marc (ISO 2709) : E-mail record : QR code < ปิดหน้าต่าง
LEADER : 00000nam 2200000uu 4500
001    13399120848
003     ULIB
008    121019s2546||||th 000 0 tha d
020    ^a9747377594
020    ^a9789747377590
050  4 ^aBQ4570.P76^bว527พ 2546
100 0  ^aวิจิตรวาทการ,^cพลตรี หลวง,^d2441-2505
245 10 ^aพุทธานุภาพกับจิตตานุภาพ /^cโดย พลตรี หลวงวิจิตรวาทการ
250    ^aพิมพ์ครั้งที่ 4
260    ^aกรุงเทพฯ :^bสร้างสรรค์บุ๊คส์,^c2546
300    ^a(23), 115 หน้า ;^c21 ซม.
650  7 ^aจิตตานุภาพ
650  7 ^aจิตวิทยา
650  7 ^aพุทธศาสนากับจิตวิทยา
945    ^p105^l0^i16605
995    ^aกัณชพร
999 ^a ใช้งานได้ทุกระบบ
รายการนี้ยังไม่มีแท็ก
คุณยังไม่ได้ล็อกอิน คุณสามารถมีกิจกรรมร่วมกับเว็บไซต์ได้ แต่ต้องล็อกอินก่อน ::
  ล็อกอิน

รายการสื่อสารสนเทศ

ลำดับที่ ประเภท เลขเรียก/บาร์โค้ด สถานที่ สถานะ
1. วิทยาศาสตร์การแพทย์ และสุขภาพ
วิทยาศาสตร์การแพทย์ และสุขภาพ
BQ4570.P76 ว527พ 2546  
  Barcode: 16605
ห้องสมุดวิทยาเขตสวรรค์ประชารักษ์
►หนังสือทั่วไป
บนชั้น

รายการใกล้เคียง
    หัวเรื่อง [จิตตานุภาพ]
    หัวเรื่อง [จิตวิทยา]
    หัวเรื่อง [พุทธศาสนากับจิตวิทยา]

BibComment


ยังไม่เคยถูกคอมเมนท์

คอมเมนท์ทรัพยากรรายการนี้
  คอมเมนท์: พุทธานุภาพกับจิต..


 Copyright 2026. Bcnsprnw @Library